00874cam a22002652 450000100060000000300080000600500170001400800410003103500190007204000420009104100080013306000230014108200230016410000200018724501070020726000580031430000270037250001020039950400320050165000190053365000130055265000120056565000130057765000180059029028BD-RjUL20211209051349.0040402s1966 caua b 000 0 eng  a(BD-RjUL)29113 aDLCcXAVdSERdOCLdWSUdBD-RjULbeng aeng aWM172b.P324i 1966 a616.891bPAI 19661 aPaul, Gordon L.10aInsight vs. desensitization in psychotherapy :ban experiment in anxiety reduction /c Gordon L. Paul. aStanford, Calif. :bStanford University Press,c1966. a148 p.billus.c23 cm. a"Based on ... [the author's] doctoral dissertation in psychology for the University of Illinois." aBibliography: p. [141]-148. 0aPsychotherapy. 0aAnxiety. 2aAnxiety 2aBehavior 2aPsychotherapy